College algebra: a graphing approach. (5th ed.) (Record no. 37688)

MARC details
000 -LEADER
fixed length control field 00668nam a2200181 a 4500
008 - FIXED-LENGTH DATA ELEMENTS--GENERAL INFORMATION
fixed length control field 130403s2008 ||||||||||||||||| || u
020 ## - INTERNATIONAL STANDARD BOOK NUMBER
International Standard Book Number 9780618851898
050 ## - LIBRARY OF CONGRESS CALL NUMBER
Classification number QA 152.2 LAR
100 ## - MAIN ENTRY--PERSONAL NAME
Personal name Hostetler, Robert
245 10 - TITLE STATEMENT
Title College algebra: a graphing approach. (5th ed.)
Statement of responsibility, etc. by Ron larson (and others)
250 ## - EDITION STATEMENT
Edition statement 5th ed.
260 ## - PUBLICATION, DISTRIBUTION, ETC.
Place of publication, distribution, etc. Boston
Name of publisher, distributor, etc. Houghton Mifflin Company
Date of publication, distribution, etc. 2008
300 ## - PHYSICAL DESCRIPTION
Extent xvii, 641p.: ill.
650 ## - SUBJECT ADDED ENTRY--TOPICAL TERM
Topical term or geographic name entry element ALGEBRA--GRAPHIC METHODS--STUDY AND TEACHING
700 ## - ADDED ENTRY--PERSONAL NAME
Personal name Larson, Ron
700 ## - ADDED ENTRY--PERSONAL NAME
Personal name Edwards, Bruce H
995 ## - RECOMMENDATION 995 [LOCAL, UNIMARC FRANCE]
-- CBU-MAIN LIBRARY (Kitwe)
-- 1
-- AVAILABLE
-- Apr 12, 2013
-- Short Loan Collection
Holdings
Withdrawn status Lost status Source of classification or shelving scheme Damaged status Not for loan Home library Current library Shelving location Date acquired Total Checkouts Full call number Barcode Date last seen Price effective from Koha item type
          CBU-MAIN LIBRARY, KITWE. CBU-MAIN LIBRARY, KITWE.   11/30/2022   QA 152.2 LAR 743625 11/30/2022 11/30/2022 MONOGRAPH